Score 0/45 Timer 05:00
0 Plays Today
Hint 3-Letter Word % Correct
▲ 'I' + 'will' contraction ▲I'LL
96.5%
▲ Obtain, acquire ▲GET
95.1%
The whole quantity ALL
94.2%
WagerBET
93.4%
Precious stoneGEM
92.9%
'The Raven' author Edgar AllanPOE
91.5%
US donkey party (abbrev.)DEM
90.1%
▲ Golf ball holder ▲TEE
90%
Condensed night moistureDEW
90%
▲ Canine ▲DOG
89.6%
2,000 lbs. (US)TON
87.4%
At a considerable distance FAR
87.2%
▲ Set a candle wick aflame ▲LIT
87%
▲ Conjunction of addition ▲AND
86.4%
Industrious insectANT
86.4%
Assistance, supportAID
85.8%
Perfect score in gymnasticsTEN
85.7%
▲ With Tai, a tropical cocktail ▲MAI
85.5%
Horse mouthpiece attached to bridleBIT
85.4%
Evergreen tree with upright conesFIR
85.3%
Mafia bossDON
85.2%
To trouble or afflictAIL
84.5%
'Me' in ParisMOI
84.3%
Hint 3-Letter Word % Correct
What has approx. 78% N + 21% O AIR
83.9%
Wet muddy groundBOG
82.9%
Ghostly commentBOO
82.6%
Explosive yellow compoundTNT
81.1%
▲ In addition, also ▲TOO
79.9%
1968 Viet Cong campaignTẾT
79.4%
Fermented taro root dishPOI
77.9%
Research univ. in Cambridge, MAMIT
77.3%
Small islandAIT
76.7%
▲ Previous to, before ▲PRE
73%
Tennis serve that touches net topLET
70.8%
Average or normal amountPAR
70.4%
Green Day drummer CoolTRÉ
69%
▲ Red-berried coniferous tree ▲YEW
66.1%
Jazz crooner TorméMEL
65.9%
As directed by or stated inPER
65.6%
▲ Archaeological mound in Israel ▲TEL
64.6%
Jaws or throat of voracious animalMAW
63.8%
Former monetary unit of CyprusMIL
59.9%
Deviate erratically from ship's course YAW
58.3%
Until nowYET
57.7%
▲ 28th letter of Russian alphabet ▲YER
51.9%

Today's Daily Dose

You're not logged in!

Compare scores with friends on all Sporcle quizzes.
OR
Log In

Sporcle TV

Today on Sporcle TV


Watch our educational content, quiz creation guides, and fun videos on Sporcle TV.

Show Comments

Extras

Top Quizzes Today


Score Distribution

Paid Content

Your Account Isn't Verified!

In order to create a playlist on Sporcle, you need to verify the email address you used during registration. Go to your Sporcle Settings to finish the process.

Report this User

Report this user for behavior that violates our Community Guidelines.

Details: